00468nam a2200193Ia 4500003000900000008004100009040001300050040001300063041000800076100002200084245006200106250002200168260002100190260000900211300001200220300001000232490002600242490000600268IT-RoPAU120407s9999 xx 000 0 und d aIT-RoPAU cIT-RoPAU aita aBasilio Caballero aLa Parola per ogni giorno. Commento al Lezionario feriale aCinisello Balsamo aEdizioni Paoline c1993 a1152 p. c18 cm aManuali liturgici, 20 v1